000 00251nam a22001097a 4500
008 170124b xxu||||| |||| 00| 0 eng d
020 _a9780771079832
041 _aeng
080 _a618.2
245 _aTHE MAKING OF A NURSE
_cSHALOF, T
942 _2udc
_cBK
999 _c3543
_d3543